[Event "2.liga E 25/26 (Prostejov-Loko Brno)"]
[Site "Prostejov"]
[Date "2025.10.12"]
[Round "1.3"]
[White "Londin, Simon"]
[Black "Volak, Simon"]
[WhiteElo "2036"]
[BlackElo "2123"]
[Result "0-1"]
[PlyCount "124"]
[WhiteTeam "SK Prostejov"]
[BlackTeam "Lokomotiva Brno"]


1. c4 c5 2. g3 Nf6 3. Bg2 d5 4. cxd5 Nxd5 5. Nc3 Nc7 6. Nf3 Nc6 7. O-O e5 8. d3 Be7 9. Nd2 Bd7 10. Nc4 f6 11. a4 O-O 12. f4 Rc8 13. fxe5 fxe5 14. Be3 Be6 15. Bxc6 bxc6 16. Nxe5 Nd5 17. Rxf8+ Qxf8 18. Bd2 Bf6 19. Nf3 Bg4 20. Qb3 Bxf3 21.
exf3 Rb8 22. Qa2 Bxc3 23. bxc3 Qxf3 24. Rb1 Rf8 25. Bf4 Qxd3 26. Bd6 Qe3+ 27. Kg2 Re8 28. Qc4 Qd2+ 29. Kg1 Qe3+ 30. Kh1 Qxc3 31. Qxc3 Nxc3 32. Rb7 Ne4 33. Be7 a5 34. Ra7 c4 35. Ba3 c3 36. Rxa5 c2 37. Rf5 Ra8 38. Rf4 Nc3 39. Rc4 Rxa4 40. Rxc3 Rxa3 41. Rxc2 Ra6 42. Rf2 Ra7 43. Kg2 Rf7 44. Rc2 Rf6 45. Ra2 h6 46. Ra7 Rf7 47. Ra8+ Rf8 48. Ra7 Rc8 49. Kf3 Kh7 50. Ke4 Kg6 51. Kd4 Kf6 52. Kc5 g6 53. Rd7 h5 54. Rd2 Kf5 55. Rf2+ Kg4 56. Rf6 g5 57. Rg6 Rd8 58. h4 Kxg3 59. hxg5 h4 60. Rg7 h3 61. Rb7 h2 62. Rb1 Rh8 0-1

[Event "2.liga E 25/26 (Prostejov-Loko Brno)"]
[Site "Prostejov"]
[Date "2025.10.12"]
[Round "1.4"]
[White "Meduna, Eduard"]
[Black "Soban, Jaroslav"]
[WhiteElo "2097"]
[BlackElo "2105"]
[Result "1/2-1/2"]
[PlyCount "106"]
[WhiteTeam "SK Prostejov"]
[BlackTeam "Lokomotiva Brno"]


1. e4 c5 2. Nf3 e6 3. d4 cxd4 4. Nxd4 Nf6 5. Bd3 Nc6 6. Be3 d5 7. Nxc6 bxc6 8. e5 Nd7 9. f4 Bc5 10. Bxc5 Nxc5 11. Be2 Qb6 12. Qd4 Nd7 13. Qxb6 axb6 14. Nd2 O-O 15. O-O Ba6 16. Bxa6 Rxa6 17. a3 Re8 18. Nb3 c5 19. c3 Raa8 20. g3 f6 21. exf6 gxf6 22. Rad1 Rad8 23. f5 Ne5 24. fxe6 Rxe6 25. Rf4 Rdd6 26. a4 Nc4 27.
Rf2 Re7 28. Nc1 Rde6 29. b3 Ne3 30. Rdd2 Ng4 31. Rfe2 Re3 32. Rxe3 Rxe3 33. Ne2 d4 34. cxd4 Rxb3 35. h3 Rb1+ 36. Kg2 Ne3+ 37. Kf2 cxd4 38. Rxd4 Rb3 39. Rd6 Kf7 40. Rd7+ Ke6 41. Rxh7 Nd1+ 42. Ke1 Rb1 43. Kd2 Nf2 44. h4 Rb4 45. Ra7 Kf5 46.
Kc3 Rg4 47. a5 bxa5 48. Rxa5+ Kg6 49. Kd2 Ne4+ 50. Ke3 Nxg3 51. Kf3 Rxh4 52. Nf4+ Rxf4+ 53. Kxf4 Nh5+ 1/2-1/2

[Event "2.liga E 25/26 (Prostejov-Loko Brno)"]
[Site "Prostejov"]
[Date "2025.10.12"]
[Round "1.5"]
[White "Mohapl, Tomas"]
[Black "Cermak, Jan"]
[WhiteElo "2017"]
[BlackElo "2055"]
[Result "1-0"]
[PlyCount "55"]
[WhiteTeam "SK Prostejov"]
[BlackTeam "Lokomotiva Brno"]


1. d4 Nf6 2. Bg5 d5 3. Bxf6 exf6 4. e3 Be6 5. Nd2 c6 6. Ngf3 Nd7 7. Bd3 Bd6 8. O-O O-O 9. c4 f5 10. c5 Bc7 11. b4 Nf6 12. b5 f4 13. bxc6 bxc6 14. Qa4 fxe3 15. fxe3 a5 16. Rab1 Bd7 17. e4 dxe4 18. Nxe4 Nd5 19. Rbe1 f5 20. Ned2 Rf6 21. Ne5 Rb8 22. Bc4 Bxe5 23. dxe5 Rg6 24. e6 Bxe6 25. Qxc6 Bf7 26. Qa4 Qg5 27. Bxd5 Qxd2 28. Re8+ 1-0

[Event "2.liga E 25/26 (Prostejov-Loko Brno)"]
[Site "Prostejov"]
[Date "2025.10.12"]
[Round "1.6"]
[White "Straka, Vojtech"]
[Black "Kalousek, Zdenek"]
[WhiteElo "1984"]
[BlackElo "2077"]
[Result "1-0"]
[PlyCount "101"]
[WhiteTeam "SK Prostejov"]
[BlackTeam "Lokomotiva Brno"]


1. c4 Nf6 2. d4 g6 3. Nc3 Bg7 4. e4 d6 5. f4 O-O 6. Nf3 Bg4 7. Be2 c6 8. O-O Nbd7 9. Be3 Ne8 10. h3 Bxf3 11. Bxf3 e6 12. Qc2 f5 13. e5 Nb6 14. b3 d5 15. c5 Nd7 16. b4 Rf7 17. a4 Bf8 18. b5 h6 19. Qd2 Rg7 20. g4 Be7 21. Kh2 Nc7 22. Rg1 Kh7 23. Rab1 Rb8 24. Rb2 Qh8 25. Qd3 a6 26. Rbg2 Rbg8 27. bxc6 bxc6 28. Rb1 Rb8 29. Rgb2 Rxb2+ 30. Rxb2 Qa8 31. Qb1 Rg8 32. Be2 Rb8 33. Na2 Bd8 34. Bd3 Rxb2+ 35. Qxb2 Qb8 36. Qc2 Nf8 37. Bd2 Qb7 38. Qb1 Qa8 39. Ba5 Kg7 40. Nb4 Nd7 41. Bxc7 Bxc7 42. gxf5 gxf5 43. Qg1+ Kh7 44. Nxa6 Ba5 45. Be2 Bd2 46. Nc7 Bxf4+ 47.
Kh1 Qh8 48. Bh5 Bg5 49. h4 Nxe5 50. hxg5 Nd3 51. gxh6 1-0

[Event "2.liga E 25/26 (Prostejov-Loko Brno)"]
[Site "Prostejov"]
[Date "2025.10.12"]
[Round "1.7"]
[White "Zajicek, Tomas"]
[Black "Wunsch, Radek"]
[WhiteElo "2045"]
[BlackElo "1953"]
[Result "0-1"]
[PlyCount "82"]
[WhiteTeam "SK Prostejov"]
[BlackTeam "Lokomotiva Brno"]


1. d4 Nf6 2. Bf4 c5 3. e3 d5 4. Nc3 a6 5. Nf3 Nc6 6. a3 Bg4 7. Be2 e6 8. h3 Bxf3 9. Bxf3 cxd4 10. exd4 Qb6 11. Ne2 Qxb2 12. O-O Na5 13. Rb1 Qa2 14. Bd2 Nc4 15. Rxb7 Qxa3 16. Rb3 Qa4 17. Nc3 Qc6 18. Na2 a5 19. Bg5 Be7 20. Qb1 O-O 21. Bf4 Na3 22. Qb2 Qxc2 23. Qxc2 Nxc2 24. Rb7 Rfe8 25. Be5 Ne4 26. Rc1 Nb4 27.
Nxb4 Bxb4 28. Rcc7 Rf8 29. Bh5 g6 30. Bg4 Bd6 31. Bxd6 Nxd6 32. Ra7 Rxa7 33. Rxa7 Nb5 34. Rxa5 Nxd4 35. Ra7 Rc8 36. h4 h5 37. Bh3 Ne2+ 38. Kh2 Nf4 39. Rd7 Rc2 40. f3 Kg7 41. Kg3 e5 0-1

[Event "2.liga E 25/26 (Prostejov-Loko Brno)"]
[Site "Prostejov"]
[Date "2025.10.12"]
[Round "1.1"]
[White "Svancara, Petr"]
[Black "Zabloudil, Radek"]
[WhiteElo "1915"]
[BlackElo "1994"]
[Result "1/2-1/2"]
[PlyCount "163"]
[WhiteTeam "SK Prostejov"]
[BlackTeam "Lokomotiva Brno"]


1. e4 c5 2. Nc3 Nc6 3. g3 g6 4. Bg2 Bg7 5. d3 d6 6. f4 e6 7. Nf3 Nge7 8. O-O O-O 9. Qe1 Rb8 10. h3 b5 11. a3 a5 12. g4 b4 13. axb4 axb4 14. Nd1 d5 15. f5 dxe4 16. dxe4 exf5 17. gxf5 gxf5 18. Bg5 Qb6 19. Nh4 Ba6 20. Rxa6 Qxa6 21. exf5 Rfe8 22. f6 Ng6 23. Qg3 Nd4 24. Qg4 Bf8 25. Nxg6 hxg6 26. Be4 Qe2 27. Bxg6 Qxg4+ 28. hxg4 Re5 29. Bf5 Rbe8 30. Bf4 Ne2+ 31. Kg2 Nxf4+ 32. Rxf4 Bh6 33. Rf3 Re2+ 34. Nf2 Bg5 35. Bd3 R2e3 36. Rf5 R3e5 37. Rf3 Bc1 38. Rh3 Bxb2 39. Bh7+ Kf8 40. Bd3 Rg5 41. Ne4 Rxg4+ 42. Kf3 Rg6 43. Rh8+ Rg8 44. Rh7 Rxe4 45. Bxe4 Bxf6 46. Bd5 Rg7 47. Rxg7 Bxg7 48. Ke4 Ke7 49. Kf5 Bc3 50. Bc4 f6 51. Bb3 Kd6 52. Bc4 Kc6 53. Ke4 Bd4 54. Bd3 Kb6 55. Kd5 Ka5 56. Kc4 Ka4 57. Be4 Ka3 58. Bf5 Kb2 59. Be4 Kc1 60. Kd3 Kd1 61. Bg6 Ke1 62. Bf5 Kf2 63. Be6 Kf3 64. Bd7 Kf4 65. Bc6 f5 66. Ke2 Kg3 67. Bb7 f4 68. Bd5 Bg7 69. Bc6 c4 70. Bd5 c3 71. Be6 Bh6 72. Bd5 f3+ 73. Kf1 Bg5 74. Bb3 Kf4 75. Ba4 Ke3 76. Bb3 Bh4 77. Ba4 Kd2 78. Bb3 Kc1 79. Ba4 Kb2 80. Bb3 Ka3 81. Bd5 Bg3 82. Bb3 1/2-1/2

[Event "2.liga E 25/26 (Zlin-Premyslovice)"]
[Site "Zlin"]
[Date "2025.10.12"]
[Round "1.1"]
[White "Richvalsky, Patrik"]
[Black "Matousek, Petr"]
[Result "1-0"]
[WhiteElo "2168"]
[BlackElo "2042"]
[PlyCount "115"]
[EventDate "2025.10.12"]
[WhiteTeam "SK Zlin"]
[BlackTeam "TJ Sokol Premyslovice"]

1. d4 c5 2. c3 e6 3. Nf3 d5 4. e3 Nc6 5. Nbd2 Bd7 6. Bd3 c4 7. Bc2 f5 8. b3 b5
9. a4 a6 10. O-O Nf6 11. Ba3 Bxa3 12. Rxa3 O-O 13. Qa1 b4 14. cxb4 Nxb4 15. Rc1
c3 16. Qxc3 a5 17. Qb2 Qe7 18. Raa1 Rac8 19. Ne5 Rc7 20. Bd3 Rfc8 21. Rxc7 Rxc7
22. Rc1 Be8 23. Rc3 Qd6 24. Bb1 Ne4 25. Bxe4 fxe4 26. f3 Nd3 27. Nxd3 exd3 28.
Qc1 Rxc3 29. Qxc3 Bg6 30. e4 Qb6 31. h3 h5 32. Kh1 Qa6 33. Qc5 Qb7 34. Qb5 Qc7
35. Qxd3 Qc1+ 36. Kh2 Qe1 37. Qc3 h4 38. Qd3 Qg3+ 39. Kg1 dxe4 40. Nxe4 Qe1+
41. Qf1 Qe3+ 42. Qf2 Qxb3 43. Nc5 Qd5 44. Qe3 Bf5 45. Qf4 g6 46. Kh1 Bc2 47.
Qf6 Qf5 48. Qxh4 Kf7 49. Qh7+ Kf6 50. Qh4+ Kf7 51. Qe1 Qd5 52. Qe3 Qa2 53. Qf4+
Ke7 54. Qc7+ Kf6 55. Nd7+ Kg5 56. Qe5+ Bf5 57. Qe3+ Kh5 58. Nf6+ 1-0

[Event "2.liga E 25/26 (Zlin-Premyslovice)"]
[Site "Zlin"]
[Date "2025.10.12"]
[Round "1.2"]
[White "Zboril, Tomas"]
[Black "Bohacek, Jan Andrej"]
[Result "0-1"]
[WhiteElo "2047"]
[BlackElo "2146"]
[PlyCount "54"]
[EventDate "2025.10.12"]
[WhiteTeam "TJ Sokol Premyslovice"]
[BlackTeam "SK Zlin"]

1. e4 c6 2. d4 d5 3. exd5 cxd5 4. c4 Nf6 5. Nc3 Nc6 6. Nf3 a6 7. h3 g6 8. Bd3
dxc4 9. Bxc4 Bg7 10. O-O O-O 11. Re1 b5 12. Bb3 Bb7 13. Bg5 Na5 14. Qe2 Nxb3
15. axb3 Re8 16. Rad1 Qd7 17. Qd3 Rad8 18. Ne5 Qd6 19. Bxf6 exf6 20. Nf3 Rxe1+
21. Nxe1 f5 22. Nf3 Bxf3 23. Qxf3 Bxd4 24. Kh1 Kg7 25. Ne2 Qf6 26. Nc3 Qe6 27.
Qb7 Bxf2 0-1

[Event "2.liga E 25/26 (Zlin-Premyslovice)"]
[Site "Zlin"]
[Date "2025.10.12"]
[Round "1.3"]
[White "Marak, Jakub"]
[Black "Sklenar, Tomas"]
[Result "1-0"]
[WhiteElo "2142"]
[BlackElo "1886"]
[PlyCount "79"]
[EventDate "2025.10.12"]
[WhiteTeam "SK Zlin"]
[BlackTeam "TJ Sokol Premyslovice"]

1. e4 c5 2. Nf3 e6 3. g3 Nc6 4. Bg2 Nf6 5. Qe2 e5 6. c3 Be7 7. O-O O-O 8. Na3
Re8 9. Nc4 d6 10. a4 Be6 11. d3 h6 12. Nfd2 d5 13. exd5 Bxd5 14. Ne4 Nxe4 15.
dxe4 Be6 16. Ne3 Na5 17. Nd5 Nb3 18. Rb1 Nxc1 19. Rbxc1 Bxd5  20. exd5 Bd6
21. Be4 g6 22. Bc2 Qb6 23. b3 Bf8 24. Qc4 Rad8 25. Rcd1 Qf6 26. f3 h5 27. Kh1
b6 28. Be4 Rd6  29. b4 Rdd8 30. f4 Qd6 31. f5 cxb4 32. fxg6 fxg6 33. cxb4
Rc8 34. Qd3 Kg7 35. Rc1 Qxb4 36. Rxc8 Rxc8 37. Bxg6 Qd6 38. Bxh5 Rd8 39. Rf7+
Kh6 40. Qh7+ 1-0

[Event "2.liga E 25/26 (Zlin-Premyslovice)"]
[Site "Zlin"]
[Date "2025.10.12"]
[Round "1.4"]
[White "Zapletal, Jiri"]
[Black "Cerny, Michal"]
[Result "1-0"]
[WhiteElo "2078"]
[BlackElo "2062"]
[PlyCount "49"]
[EventDate "2025.10.12"]
[WhiteTeam "TJ Sokol Premyslovice"]
[BlackTeam "SK Zlin"]

1. e4 c5 2. Nc3 e6 3. g3 Nc6 4. Bg2 Nf6 5. Nf3 d5 6. exd5 Nxd5 7. Nxd5 Qxd5 8.
O-O Be7 9. c3 Qd7 10. d4 cxd4 11. Nxd4 Nxd4 12. cxd4 O-O 13. Bf4 Rd8 14. Qb3 a5
15. Rfd1 a4 16. Qe3 Qb5 17. Rab1 Bd7 18. d5 Bc5 19. Qf3 Qb6 20. Bg5 f6 21. Be3
Bxe3 22. Qxe3 Qa6 23. dxe6 Bxe6 24. Bxb7 Qxb7 25. Qxe6+  1-0

[Event "2.liga E 25/26 (Zlin-Premyslovice)"]
[Site "Zlin"]
[Date "2025.10.12"]
[Round "1.5"]
[White "Bombek, Peter"]
[Black "Gerych, Jan"]
[Result "1-0"]
[WhiteElo "2096"]
[BlackElo "2049"]
[PlyCount "81"]
[EventDate "2025.10.12"]
[WhiteTeam "SK Zlin"]
[BlackTeam "TJ Sokol Premyslovice"]

1. e4 c5 2. c3 d5 3. exd5 Qxd5 4. d4 Nf6 5. Nf3 e6 6. Na3 cxd4 7. Nb5 Qd8 8.
Qxd4 Qxd4 9. Nfxd4 Na6 10. Bf4 Bd7 11. O-O-O Bc5 12. Nd6+ Bxd6 13. Bxd6 Nb8 14.
Nb5 Bxb5 15. Bxb5+ Nc6 16. Rd4 Rc8 17. Rhd1 a6 18. Bxc6+ Rxc6 19. Ba3 Rc8 20.
Kb1 b5 21. Rd6 Ra8 22. Rb6 Nd5 23. Rb7 h5 24. Rd3 Rh6 25. Rg3 Rh7 26. h4 Rc8
27. Rf3 g6 28. Bd6 Rc6 29. Rb8+ Kd7 30. Be5 Rc8 31. Rb7+ Ke8 32. a3 Rc4 33. g3
Re4 34. Bd6 Rg7 35. Bc5 Rc4 36. Bd4 Rh7 37. Ra7 Rc6 38. Ka2 Nc7 39. Bf6 Kd7 40.
Rd3+ Rd6 41. Rxc7+ 1-0

[Event "2.liga E 25/26 (Zlin-Premyslovice)"]
[Site "Zlin"]
[Date "2025.10.12"]
[Round "1.6"]
[White "Hajek, Pavel"]
[Black "Kocian, Miroslav"]
[Result "0-1"]
[WhiteElo "1930"]
[BlackElo "2088"]
[PlyCount "58"]
[EventDate "2025.10.12"]
[WhiteTeam "TJ Sokol Premyslovice"]
[BlackTeam "SK Zlin"]

1. Nf3 Nf6 2. d4 g6 3. c4 Bg7 4. Nc3 d5 5. e3 O-O 6. h3 b6 7. Bd2 Bb7 8. Be2
Nbd7 9. O-O c5 10. Rc1 cxd4 11. Nxd4 Nc5 12. cxd5 Nxd5 13. Nxd5 Bxd5 14. Bb4
Rc8 15. b3 Qd7 16. Bc4 Bxc4 17. Rxc4 Rfd8 18. Qe2 e5 19. Nf3 Nd3 20. Rxc8 Rxc8
21. Qd2 e4 22. Ne1 a5 23. Ba3 Bc3 24. Qd1 b5 25. Nc2 b4 26. Bc1 Qc7 27. f3 Be5
28. fxe4 Qxc2 29. Qf3 Rc7 0-1

[Event "2.liga E 25/26 (Zlin-Premyslovice)"]
[Site "Zlin"]
[Date "2025.10.12"]
[Round "1.7"]
[White "Slovak, Pavel"]
[Black "Kasparovsky, Petr"]
[Result "1-0"]
[WhiteElo "1975"]
[BlackElo "1942"]
[PlyCount "121"]
[EventDate "2025.10.12"]
[WhiteTeam "SK Zlin"]
[BlackTeam "TJ Sokol Premyslovice"]

1. e4 c5 2. Nf3 d6 3. d4 cxd4 4. Nxd4 Nc6 5. Nc3 Nf6 6. Be2 g6 7. Be3 Bg7 8.
Qd2 a6 9. f3 Bd7 10. O-O-O b5 11. g4 Rc8 12. Nd5 Nxd5 13. exd5 Nxd4 14. Bxd4
Bxd4 15. Qxd4 O-O 16. h4 Qc7 17. Rd2 Qc5 18. Qf4 f6 19. Qh6 Rf7 20. f4 Qe3 21.
Rf1 Rc5 22. Kd1 Qh3 23. Rg1 Qh2 24. Re1 Qg2 25. f5 Rxd5 26. fxg6 hxg6 27. Bd3
Qxg4+ 28. Kc1 Rg7 29. Re4 Qh5 30. Qe3 Re5 31. Qa7 Bf5 32. Rxe5 fxe5 33. Qxa6
Bxd3 34. cxd3 Qxh4 35. Qxb5 e6 36. Qb8+ Kh7 37. Qxd6 Qe1+ 38. Kc2 Qg3 39. Re2
Rb7 40. Qxe5 Qxe5 41. Rxe5 Ra7 42. a3 Ra6 43. Kc3 Kh6 44. Kb4 Rb6+ 45. Kc3 Rc6+
46. Kd4 Ra6 47. Kc4 g5 48. Kb5 Rd6 49. a4 g4 50. a5 Rxd3 51. Rxe6+ Kg5 52. b4
g3 53. Re8 Kf4 54. a6 g2 55. Re1 Rd5+ 56. Kc6 Re5 57. Rg1 Re6+ 58. Kd5 Rxa6 59.
Rxg2 Rb6 60. Kc5 Rb8 61. Re2 1-0

[Event "2.liga E 25/26 (Zlin-Premyslovice)"]
[Site "Zlin"]
[Date "2025.10.12"]
[Round "1.8"]
[White "Vejmola, Adam"]
[Black "Hodovsky, Jiri"]
[Result "0-1"]
[WhiteElo "1896"]
[BlackElo "2014"]
[PlyCount "130"]
[EventDate "2025.10.12"]
[WhiteTeam "TJ Sokol Premyslovice"]
[BlackTeam "SK Zlin"]

1. d4 Nf6 2. c4 d6 3. Nf3 g6 4. Nc3 Bg7 5. e4 O-O 6. h3 e5 7. d5 Nbd7 8. Bg5 a5
9. Be2 Nc5 10. Nd2 Qe8 11. a3 a4 12. O-O Bd7 13. Rb1 Kh8 14. Bxf6 Bxf6 15. Bg4
Bg7 16. Bxd7 Qxd7 17. Qe2 f5 18. b4 axb3 19. Nxb3 Nxe4 20. Nxe4 fxe4 21. Nd2  b6 22. Qe3 Ra4 23. Rb3 Qf5 24. Rc3 Rfa8 25. Nxe4 Bh6 26. Qxh6 Qxe4 27. Qc1
Kg7 28. Re1 Qh4 29. f4 Qxf4 30. Qxf4 exf4 31. Re7+ Kf6 32. Rxc7  Rxa3 33.
Rxa3 Rxa3 34. Rxh7 Rc3 35. Rd7 Ke5 36. Rb7 Rxc4 37. Rxb6 Kxd5 38. Kf2 g5 39.
Rb5+ Rc5 40. Rb4 Ke5 41. Rb8 Rc2+ 42. Kf3 Rc3+ 43. Kf2 d5 44. Rg8 Kf5 45. Rf8+
Ke4 46. Rg8 Rg3 47. Re8+ Kd3 48. Rf8 Re3 49. Rf5 d4 50. Rxg5 Kc2 51. Rc5+  Rc3
52. Ra5 d3 53. Ra2+ Kd1 54. Ra1+ Rc1 55. Ra8 d2 56. Kf3 Kc2 57. Rc8+ Kb3 58.
Rd8 d1=Q+ 59. Rxd1 Rxd1 60. Kxf4 Kc4 61. h4 Kd5 62. g4 Ke6 63. h5 Rd5 64. Ke4
Ra5 65. Kf4 Kf6 0-1

[Event "2.liga E 25/26 (Hostalkova-Kromeriz)"]
[Site "Hostalkova"]
[Date "2025.10.12"]
[Round "1.1"]
[White "Warchol, Kamil"]
[Black "Babula, Vlastimil"]
[Result "0-1"]
[WhiteElo "2268"]
[BlackElo "2492"]
[PlyCount "66"]
[WhiteElo "2268"]
[BlackElo "2492"]
[Source "Analyze This"]

1. e4 c5 2. c3 d5 3. exd5 Nf6 4. Nf3 g6 5. d4 cxd4 6. Qxd4 Qxd5 7. Bc4 Qxd4 8. Nxd4
a6 9. O-O Bg7 10. Re1 e6 11. Nd2 O-O 12. N2f3 b5 13. Bf1 Nbd7 14. a4 bxa4 15. Rxa4
Bb7 16. Bf4 Nd5 17. Bg3 Rfc8 18. h3 N5b6 19. Ra5 Nc4 20. Bxc4 Rxc4 21. Ne5 Nxe5
22. Bxe5 f6 23. Bg3 Kf7 24. Nb3 Bf8 25. Rd1 Bd5 26. Rda1 Rc6 27. Nc1 Rb6 28. Nd3
Bc4 29. Nc5 Rxb2 30. Nxa6 Rb5 31. R5a4 Bb3 32. Rd4 Rb6 33. Rd7+ Kg8  0-1

[Event "2.liga E 25/26 (Hostalkova-Kromeriz)"]
[Site "Hostalkova"]
[Date "2025.10.12"]
[Round "1.2"]
[White "Bokhnak, Tymofii"]
[Black "Vecera, Dominik"]
[Result "1-0"]
[WhiteElo "2247"]
[BlackElo "2139"]
[PlyCount "65"]
[WhiteElo "2247"]
[BlackElo "2139"]
[Source "Analyze This"]

1. e4 c5 2. c3 Nf6 3. e5 Nd5 4. Bc4 Nb6 5. Bb3 Nc6 6. Nf3 d5 7. exd6 Qxd6 8. O-O
Be6 9. a4 Bxb3 10. Qxb3 Qd5 11. Qb5 e6 12. Na3 Qd7 13. a5 Nd5 14. Rd1 Be7 15. d4
cxd4 16. Nxd4 Rd8 17. Nxc6 Qxc6 18. c4 Nf6 19. Rxd8+ Bxd8 20. a6 Qxb5 21. Nxb5 bxa6
22. Rxa6 O-O 23. Nxa7 Be7 24. Nc6 Bd6 25. Be3 Rc8 26. b4 Bf8 27. Kf1 Ne4 28. Ke2
Nd6 29. Kd3 Nf5 30. c5 Ne7 31. Nxe7+ Bxe7 32. b5 Kf8 33. Kc4  1-0

[Event "2.liga E 25/26 (Hostalkova-Kromeriz)"]
[Site "Hostalkova"]
[Date "2025.10.12"]
[Round "1.3"]
[White "Gnida, Patrik"]
[Black "Cagasik, Tomas"]
[Result "1-0"]
[WhiteElo "2202"]
[BlackElo "2168"]
[PlyCount "55"]
[WhiteElo "2202"]
[BlackElo "2168"]
[Source "Analyze This"]

1. d4 c5 2. dxc5 Qa5+ 3. Nc3 Qxc5 4. e4 d6 5. Nd5 Bd7 6. Be3 Qc8 7. c4 e6 8. Nc3
Nf6 9. Nf3 Nc6 10. Nd2 Be7 11. g4 h5 12. gxh5 Rxh5 13. h4 Rh7 14. Be2 e5 15. Rg1
Be6 16. Nd5 Qd7 17. h5 Bd8 18. a3 Kf8 19. Rc1 Rc8 20. Rc3 Ne8 21. h6 gxh6 22. Nf1
Nf6 23. Nxf6 Bxf6 24. Qd2 Bg7 25. Ng3 Ne7 26. Nh5 Ng8 27. Nxg7 Rxg7 28. Bxh6  1-0

[Event "2.liga E 25/26 (Hostalkova-Kromeriz)"]
[Site "Hostalkova"]
[Date "2025.10.12"]
[Round "1.4"]
[White "Hlozek, Michal"]
[Black "Krejca, Jakub"]
[Result "0-1"]
[WhiteElo "2069"]
[BlackElo "2128"]
[PlyCount "86"]
[WhiteElo "2069"]
[BlackElo "2128"]
[Source "Analyze This"]

1. d4 d5 2. c4 e6 3. Nf3 Nf6 4. g3 Be7 5. Bg2 O-O 6. O-O dxc4 7. Qc2 b5 8. a4 b4
9. Ne5 Qxd4 10. Bxa8 Qxe5 11. Bf4 Qh5 12. Bf3 Qh3 13. Qxc4 Bb7 14. Bg5 Bd5 15. Qh4
Qxh4 16. Bxh4 Bxf3 17. exf3 h6 18. Bxf6 Bxf6 19. Nd2 Bxb2 20. Rab1 Bc3 21. Ne4 Nc6
22. Nxc3 bxc3 23. Rfc1 Nd4 24. Kg2 c2 25. Rb7 a5 26. Rxc7 Rb8 27. R1xc2 Nxc2 28.
Rxc2 Rb4 29. Ra2 Kf8 30. Kf1 g5 31. Ke2 f5 32. Kd3 Ke7 33. Kc3 h5 34. Ra1 Kf6 35.
Kd3 Rb2 36. Ke3 e5 37. Rc1 f4+ 38. Ke4 Re2+ 39. Kd5 Rd2+ 40. Kc6 Rxf2 41. gxf4 gxf4
42. Kb5 Rxf3 43. Kxa5 Rb3  0-1

[Event "2.liga E 25/26 (Hostalkova-Kromeriz)"]
[Site "Hostalkova"]
[Date "2025.10.12"]
[Round "1.5"]
[White "Karlik, Ondrej"]
[Black "Sojka, Ales"]
[Result "1/2-1/2"]
[WhiteElo "2097"]
[BlackElo "2100"]
[PlyCount "25"]
[WhiteElo "2097"]
[BlackElo "2100"]
[Source "Analyze This"]

1. e4 c6 2. d4 d5 3. exd5 cxd5 4. Bd3 Nf6 5. h3 g6 6. Nf3 Bg7 7. O-O O-O 8. c3 Nc6
9. Re1 Bf5 10. Na3 Bxd3 11. Qxd3 a6 12. Nc2 Qd6 13. Ne5  1/2-1/2

[Event "2.liga E 25/26 (Hostalkova-Kromeriz)"]
[Site "Hostalkova"]
[Date "2025.10.12"]
[Round "1.6"]
[White "Benes, Miroslav"]
[Black "Krmela, Ales"]
[Result "1-0"]
[WhiteElo "2030"]
[BlackElo "2012"]
[PlyCount "57"]
[WhiteElo "2030"]
[BlackElo "2012"]
[Source "Analyze This"]

1. Nf3 d5 2. c4 Nf6 3. cxd5 Nxd5 4. e4 Nf6 5. Nc3 e6 6. d4 Be7 7. Be2 O-O 8. O-O
b6 9. Qc2 Ba6 10. Rd1 Qc8 11. Bg5 h6 12. Bh4 Kh8 13. Ne5 Bxe2 14. Qxe2 Qb7 15. Rac1
c5 16. dxc5 bxc5 17. Na4 g5 18. Bg3 Qxe4 19. Qb5 a6 20. Qb3 Nc6 21. f3 Nd4 22. fxe4
Nxb3 23. axb3 Nxe4 24. Rd7 Nxg3 25. hxg3 Rae8 26. Nxc5 Kg7 27. Nxa6 Bf6 28. Nc4
Ra8 29. Nc7  1-0

[Event "2.liga E 25/26 (Hostalkova-Kromeriz)"]
[Site "Hostalkova"]
[Date "2025.10.12"]
[Round "1.7"]
[White "Pala, Vladimir"]
[Black "Vrzal, Filip"]
[Result "1/2-1/2"]
[WhiteElo "2128"]
[BlackElo "1920"]
[PlyCount "29"]
[WhiteElo "2128"]
[BlackElo "1920"]
[Source "Analyze This"]

1. Nf3 Nf6 2. c4 e6 3. g3 b6 4. Bg2 Bb7 5. O-O Be7 6. Nc3 O-O 7. Re1 d5 8. cxd5 exd5
9. d4 Nbd7 10. Bg5 Ne4 11. Bxe7 Qxe7 12. Qb3 c6 13. Nxe4 dxe4 14. Nd2 c5 15. e3
 1/2-1/2

[Event "2.liga E 25/26 (Hostalkova-Kromeriz)"]
[Site "Hostalkova"]
[Date "2025.10.12"]
[Round "1.8"]
[White "Bacak, Petr"]
[Black "Haidenko, Mykola"]
[Result "0-1"]
[WhiteElo "2036"]
[BlackElo "1875"]
[PlyCount "70"]
[WhiteElo "2036"]
[BlackElo "1875"]
[Source "Analyze This"]

1. d4 Nf6 2. Bf4 d5 3. e3 c5 4. c3 Nc6 5. Nd2 Qb6 6. Qb3 c4 7. Qc2 g6 8. Ngf3 Bf5
9. Qc1 Nh5 10. Be2 Nxf4 11. exf4 Qc7 12. Nf1 Bh6 13. g3 O-O 14. Ne3 Be4 15. O-O
Bxf3 16. Bxf3 e6 17. h4 Bxf4 18. gxf4 Qxf4 19. Kg2 Qxh4 20. Ng4 f5 21. Rh1 Qe7 22.
Nh2 Nd8 23. Re1 Qf6 24. Qe3 Rc8 25. Kh1 Rc6 26. Bg2 Nf7 27. Nf3 f4 28. Qe2 g5 29.
Bh3 h5 30. Bxe6 g4 31. Bxf7+ Rxf7 32. Ne5 Qh4+ 33. Kg1 f3 34. Qe3 Qh3 35. Qg5+ Rg7
 0-1